000
00247nam a2200097Ia 4500
001
990924
005
20250826221320.0
008
250824s9999 xx 000 0 und d
245
0
_a
EYVALLAH SEYYAH
_c
HİKMET ANIL ÖZTEKİN
260
_b
DESTEK YAYINLARI
999
_c
990924
_d
990924